LIBRARY ONLINE CATALOGUE

Curriculum improvement : (Record no. 12023)

MARC details
000 -LEADER
fixed length control field 00691nam a22002172 4500
001 - CONTROL NUMBER
control field 0000009283
005 - DATE AND TIME OF LATEST TRANSACTION
control field 20151217155218.0
008 - FIXED-LENGTH DATA ELEMENTS--GENERAL INFORMATION
fixed length control field 080921s xx 000 0 eng d
020 ## - INTERNATIONAL STANDARD BOOK NUMBER
International Standard Book Number 0205164579 :
Terms of availability BSP 48
040 ## - CATALOGING SOURCE
Original cataloging agency KABU
Transcribing agency KABU
100 1# - MAIN ENTRY--PERSONAL NAME
Personal name Doll, Ronald C.
-- 0000160468
245 10 - TITLE STATEMENT
Title Curriculum improvement :
Remainder of title decision making and process /
Statement of responsibility, etc. Ronald C. Doll.
250 ## - EDITION STATEMENT
Edition statement 9th ed.
260 ## - PUBLICATION, DISTRIBUTION, ETC. (IMPRINT)
Place of publication, distribution, etc. Boston :
Name of publisher, distributor, etc. Allyn & Bacon,
Date of publication, distribution, etc. 1996.
300 ## - PHYSICAL DESCRIPTION
Extent xvii, 557 p.
650 #0 - SUBJECT ADDED ENTRY--TOPICAL TERM
Topical term or geographic name as entry element Curriculum planning
Geographic subdivision United States.
-- 0000160469
650 #0 - SUBJECT ADDED ENTRY--TOPICAL TERM
Topical term or geographic name as entry element Curriculum change
Geographic subdivision United States.
-- 0000160470
908 ## - PUT COMMAND PARAMETER (RLIN)
Put command parameter 080921
950 ## - LOCAL HOLDINGS (RLIN)
-- 1
Holdings
Withdrawn status Lost status Source of classification or shelving scheme Not for loan Home library Current library Date acquired Total Checkouts Full call number Barcode Date last seen Date last checked out Price effective from Koha item type
    Library of Congress Classification   Kabarak, Main Campus Kabarak, Main Campus 17/12/2015 13 LB2806.15 .D65 1996 c. 1 009173 09/07/2025 09/07/2025 17/12/2015 General Collection